000 00587nam a22002297a 4500
003 UA-OsUOA
001 46805
007 ta
008 20070706b un ||||| |||| 00| 0 ukr d
100 _aК.Н. Афанасьев
090 _a711,4
_bК11
942 _cBK
040 _aUA-OsUOA
_brus
_cUA-OsUOA
_dUA-OsUOA
245 _aА.В. Щусев
300 _a187 с.
955 _a2
041 _arus
080 _a711,4
260 _aМ.
_bСтройиздат
_c1978
650 7 _a71 Планування. Містобудування. Ландшафти
_2UDC
999 _c332869
_d332869